Ultimate IT Name Game - Statistics

General Stats
  • This quiz has been taken 3 times
  • The average score is 7 of 32
Answer Stats
Last Name First Name % Correct
“It” Pennywise the Dancing Clown
100%
Ripsom Betty
67%
Denbrough Bill
67%
Bowers Henry
67%
Tozier Richie
67%
Mellon Adrian
33%
Huggins Belch
33%
Hanscom Ben
33%
Marsh Beverly
33%
Kaspbrak Eddie
33%
Corcoran Eddie
33%
Georgie
33%
Hanlon Mike
33%
Uris Stanley
33%
Criss Victor
33%
Alvin
0%
Audra
0%
Butch
0%
Haggarty Don
0%
Dorsey
0%
Bowie Greta
0%
Winterbarger Laurie Anne
0%
Sadler Moose
0%
Kersh Mrs.
0%
Myra
0%
Patricia
0%
Hockstetter Patrick
0%
Gordon Peter
0%
Sonya
0%
Rogan Tom
0%
Vicananza Tommy
0%
Fuller Victoria
0%
No matching quizzes found
Score Distribution
Percent of People with Each Score
Percentile by Number Answered
Your Score History
You have not taken this quiz